Glóbus. Živočíchy a rastliny 2

Podrobná bibliografia
Médium: Článok
Jazyk:slovenčina
ISSN:1210-1982
Predmet:

MARC

LEADER 00000nab a2200000 a 4500
001 vtls008162489
003 SK-MaSNL
005 20260305023608.0
008 160404c2005 xo mr|p|||||||000 b|slo
015 |a SNBRB2005/06  |2 snkbucl 
038 |a SNKBUCL 
040 |a SNKBUCL  |b slo  |c SNKBUCL  |e AACR2 
041 0 |a slo 
044 |a xo  |c SK 
080 |a 591.9  |x (7)+(8)  |x (048)  |2 1997 
080 |a 581.9  |x (7)+(8)  |x (048)  |2 1997 
245 0 0 |a Glóbus. Živočíchy a rastliny 2 
650 0 7 |a fauna  |z Amerika  |x publikácie  |2 snkbucl  |9 1601713 
650 0 7 |a fauna  |z Afrika  |x publikácie  |2 snkbucl  |9 1601714 
650 0 7 |a flóra  |z Amerika  |x publikácie  |2 snkbucl  |9 1601715 
650 0 7 |a flóra  |z Afrika  |x publikácie  |2 snkbucl  |9 1601716 
651 7 |a Amerika  |2 snkbucl  |9 43943 
651 7 |a Afrika  |2 snkbucl  |9 17012 
655 7 |a recenzie  |2 snkbucl  |9 21907 
773 0 |t Knižná revue  |g Roč. XV, č. 7 (2005), s.11  |x 1210-1982 
787 0 8 |i Rec.:  |t Živočíchy a rastliny 2  |d Bratislava : Ikar, 2004  |z 8055107939 
852 |a SNK  |b KIS3GCP 
958 |a RC 
999 |c 3298039  |d 3299969